Štúdium vlastností štruktúr polymérnych materiálov v grafických zobrazeniach metódami molekulovej spektroskopie dizertačná práca

Gespeichert in:
Bibliographische Detailangaben
1. Verfasser: Oravec, Michal
Format: Buch
Sprache:Slowakisch
Veröffentlicht: Bratislava STU FCHPT 2018
Online-Zugang:Im OPAC anzeigen
Tags: Tag hinzufügen
Keine Tags, Fügen Sie das erste Tag hinzu!

MARC

LEADER 00000nam a2200000 a 4500
005 20260127134040.0
008 200518 2018 xo a 001 0 slo d
035 |a vtls011967200 
039 9 |y 202005181227  |z mschk03 
040 |a STUSCHK1  |b slo  |c STUSCHK1  |e AACR2 
100 1 |a Oravec, Michal 
245 1 |a Štúdium vlastností štruktúr polymérnych materiálov v grafických zobrazeniach metódami molekulovej spektroskopie  |b dizertačná práca  |c Michal Oravec 
260 |a Bratislava  |b STU FCHPT  |c 2018 
300 |a 151 s. + príl.  |b Obr., tab.  |c 25 cm 
500 |a Študijný program: makromolekulová chémia 
500 |a Študijný odbor: makromolekulová chémia 
500 |a Školiace pracovisko: Oddelenie polygrafie a aplikovanej fotochémie 
500 |a Evid. číslo: FCHPT-19988-69561 
910 |a SCHK95 
999 |c 2888  |d 2888